EVERGLOW Discography - Statistics

General Stats
  • This quiz has been taken 4 times
  • The average score is 9 of 31
Answer Stats
Answer % Correct
Adios
100%
Bon Bon Chocolat
100%
Dun Dun
100%
Pirate
100%
ZOMBIE
100%
Colourz
75%
La Di Da
75%
SLAY
75%
Hush
50%
D+1
25%
First
25%
Moon
25%
NO LIE
25%
PLAYER
25%
Promise
25%
Back 2 Luv
0%
Back Together
0%
Company
0%
DON'T ASK DON'T TELL
0%
Don't Speak
0%
Ghost Light
0%
GxxD BOY
0%
Let Me Dance
0%
Make Me Feel
0%
Nighty Night
0%
NO GOOD REASON
0%
Oh Ma Ma God
0%
PLEASE PLEASE
0%
SALUTE
0%
UNTOUCHABLE
0%
You Don't Know Me
0%
No matching quizzes found
Score Distribution
Percent of People with Each Score
Percentile by Number Answered
Your Score History
You have not taken this quiz